| 000 | 01020nam a22003497a 4500 | ||
|---|---|---|---|
| 001 | 21974875 | ||
| 003 | LIBRIS | ||
| 005 | 20210426103528.0 | ||
| 008 | 171124s1993 xx |||||||||||000 0|eng|d | ||
| 020 |
_a9780853726470 _qpocket |
||
| 020 | _a0853726477 | ||
| 035 | _a(BOKR)9780853726470 | ||
| 040 |
_aBOKR _ei _beng _cDLC |
||
| 041 | _aeng | ||
| 080 |
_a94 _bP-26 |
||
| 100 | 1 |
_aSt. John Parker, Michael _4aut |
|
| 245 | 1 | 0 |
_aThe Civil War 1642-51 _c/ by: Pitkin Unichrome |
| 260 |
_aAndover _bPitkin Unichrome _c1993 |
||
| 263 | _a199309 | ||
| 264 | 1 |
_bThe History Press Ltd, _c1993 |
|
| 300 |
_a32 p. ill. _c24.2 cm |
||
| 336 |
_atext _btxt _2rdacontent |
||
| 337 |
_aunmediated _bn _2rdamedia |
||
| 338 |
_avolume _bnc _2rdacarrier |
||
| 340 | _b24.2 cm | ||
| 365 | _b2.99 gbp | ||
| 490 | 0 | _aPITKIN GUIDES | |
| 650 | 0 |
_9252 _aHistory |
|
| 653 | _aისტორია | ||
| 887 |
_a{"@id":"h1t8lpbt3g4s683","modified":"2018-10-03T11:39:56.838+02:00","checksum":"26275583408"} _2librisxl |
||
| 942 |
_2udc _cBK |
||
| 999 |
_c912 _d912 |
||